1967 steam charts (Record no. 20544)

000 -LEADER
fixed length control field 00500nam a22001931 4500
001 - CONTROL NUMBER
control field 20544
003 - CONTROL NUMBER IDENTIFIER
control field BD-DhUET
008 - FIXED-LENGTH DATA ELEMENTS--GENERAL INFORMATION
fixed length control field 700914s1968 nyua 000 0 eng
020 ## - INTERNATIONAL STANDARD BOOK NUMBER
International Standard Book Number 0713130458
040 ## - CATALOGING SOURCE
Original cataloging agency DLC
Transcribing agency DLC
Modifying agency BD-DhUET
082 ## - DEWEY DECIMAL CLASSIFICATION NUMBER
Classification number 621.101084
Item number ELE/1967
110 ## - MAIN ENTRY--CORPORATE NAME
Corporate name or jurisdiction name as entry element Electrical Research Association
245 10 - TITLE STATEMENT
Title 1967 steam charts
250 ## - EDITION STATEMENT
Edition statement 1st ed.
260 ## - PUBLICATION, DISTRIBUTION, ETC. (IMPRINT)
Place of publication, distribution, etc. London
Name of publisher, distributor, etc. Edward Arnold
Date of publication, distribution, etc. 1967
300 ## - PHYSICAL DESCRIPTION
Extent vii, 64 p. (chiefly illus., part col.)
Dimensions 31 cm.
650 #0 - SUBJECT ADDED ENTRY--TOPICAL TERM
Topical term or geographic name as entry element Steam
942 ## - ADDED ENTRY ELEMENTS (KOHA)
Koha item type Corporate Publication
Holdings
Piece designation (barcode) Withdrawn status Koha full call number Koha date last seen Koha item type Damaged status Koha normalized classification for sorting Price effective from Source of classification or shelving scheme Copy number Sublocation or collection (holding branch) Lost status Location (home branch) Date acquired Not for loan Shelving location
18295 621.101084/ELE/19672015-04-12Corporate Publication 621_101084000000000_ELE_19672015-04-12 1Central Library, BUET Central Library, BUET2015-04-12 Circulation section
18293 621.101084/ELE/19672015-04-12Corporate Publication 621_101084000000000_ELE_19672015-04-12 2Central Library, BUET Central Library, BUET2015-04-12 Circulation section
13166 621.101084/ELE/19672015-04-12Corporate Publication 621_101084000000000_ELE_19672015-04-12 3Central Library, BUET Central Library, BUET2015-04-12 Circulation section
13162 621.101084/ELE/19672015-04-12Corporate Publication 621_101084000000000_ELE_19672015-04-12 4Central Library, BUET Central Library, BUET2015-04-12 Circulation section
18297 621.101084/ELE/19672015-04-12Corporate Publication 621_101084000000000_ELE_19672015-04-12 5Central Library, BUET Central Library, BUET2015-04-12 Circulation section
18296 621.101084/ELE/19672015-04-12Corporate Publication 621_101084000000000_ELE_19672015-04-12 6Central Library, BUET Central Library, BUET2015-04-12 Circulation section
18294 621.101084/ELE/19672015-04-12Corporate Publication 621_101084000000000_ELE_19672015-04-12 7Central Library, BUET Central Library, BUET2015-04-12 Circulation section
18300 621.101084/ELE/19672015-04-12Corporate Publication 621_101084000000000_ELE_19672015-04-12 8Central Library, BUET Central Library, BUET2015-04-12 Circulation section
13163 621.101084/ELE/19672015-04-12Corporate Publication 621_101084000000000_ELE_19672015-04-12 9Central Library, BUET Central Library, BUET2015-04-12 Circulation section
18299 621.101084/ELE/19672015-04-12Corporate Publication 621_101084000000000_ELE_19672015-04-12 10Central Library, BUET Central Library, BUET2015-04-12 Circulation section
13165 621.101084/ELE/19672015-04-12Corporate Publication 621_101084000000000_ELE_19672015-04-12 11Central Library, BUET Central Library, BUET2015-04-12 Circulation section
18302 621.101084/ELE/19672015-04-12Corporate Publication 621_101084000000000_ELE_19672015-04-12 12Central Library, BUET Central Library, BUET2015-04-12 Circulation section
18301 621.101084/ELE/19672015-04-12Corporate Publication 621_101084000000000_ELE_19672015-04-12 13Central Library, BUET Central Library, BUET2015-04-12 Circulation section